Statistiques concernant Les 20 préfectures les plus proches de Valence

Cliquez ici pour prendre le quiz!

Statistiques générales

  • Ce quiz a été pris 101 fois
  • Le résultat moyen est 15 sur 20

Statistiques - réponses

distance (en km)ville préfecture% Correct
92Lyon
98%
72Grenoble
93%
69Saint-Etienne
91%
186Marseille
90%
32Privas
88%
145Annecy
86%
168Montpellier
85%
110Avignon
84%
108Chambery
83%
170Clermont-Ferrand
82%
103Gap
79%
129Nimes
78%
144Bourg en Bresse
76%
80Le Puy en Velay
72%
142Digne les Bains
67%
153Macon
64%
193Aurillac
63%
119Mende
63%
195Rodez
59%
200Lons le Saunier
40%

Distribution des résultats

Percentile par nombre de réponses

% des personnes avec chaque résultat

Votre développement - résultats

Vous n’avez pas pris ce quiz